MARC

LEADER 00000nam0a2200000 4500
001 42562
005 20231031015523.0
010 |a 5862252924 
035 |a (RuTPU)RU\TPU\book\43876 
035 |a RU\TPU\book\30575 
090 |a 42562 
100 |a 20020909d2001 m y0rusy50 ca 
101 0 |a rus 
102 |a RU 
105 |a a j 000zy 
200 1 |a IBM PC для пользователя  |f В. Э. Фигурнов 
205 |a 7-е изд., перераб и доп. 
210 |a Москва  |c Инфра-М  |d 2001 
215 |a 640 с.  |c ил. 
451 1 |0 (RuTPU)RU\TPU\book\68745  |y 5-86225--292-4  |t IBM PC для пользователя  |f В. Э. Фигурнов  |e 7-е изд., перераб. и доп.  |c М.  |n Инфра-М  |d 2006  |p 638 с.  |a Фигурнов, Виктор Эвальдович 
451 1 |0 (RuTPU)RU\TPU\book\25384  |y 5-86225-292-4  |t IBM PC для пользователя  |f В. Э. Фигурнов  |e 7-е изд., перераб. и доп.  |c М.  |n Инфра-М  |d 2000  |p 640 с.  |s От начинающего - до опытного  |a Фигурнов, Виктор Эвальдович 
610 1 |a программирование 
610 1 |a персональные компьютеры 
610 1 |a устройство 
610 1 |a IBM PC 
610 1 |a DOS 
610 1 |a Windows 
610 1 |a сети 
610 1 |a среда программирования 
610 1 |a программы 
610 1 |a защита 
610 1 |a компьютерные вирусы 
610 1 |a Norton Commander 
610 1 |a Aidstest 
610 1 |a Лексикон 
610 1 |a учебные пособия 
675 |a 681.322-181.4(07)  |v 3 
700 1 |a Фигурнов  |b В. Э.  |g Виктор Эвальдович 
801 0 |a RU  |b 63413507  |c 20011209  |g PSBO 
801 1 |a RU  |b 63413507  |c 20020909  |g PSBO 
801 2 |a RU  |b 63413507  |c 20081223  |g PSBO 
900 |a Информатика 
942 |c BK